<?xml version="1.0" encoding="UTF-8"?><?xml-stylesheet type="text/xsl" href="static/style.xsl"?><OAI-PMH xmlns="http://www.openarchives.org/OAI/2.0/" xmlns:xsi="http://www.w3.org/2001/XMLSchema-instance" xsi:schemaLocation="http://www.openarchives.org/OAI/2.0/ http://www.openarchives.org/OAI/2.0/OAI-PMH.xsd"><responseDate>2026-04-13T03:06:53Z</responseDate><request verb="GetRecord" identifier="oai:www.recercat.cat:2117/114073" metadataPrefix="marc">https://recercat.cat/oai/request</request><GetRecord><record><header><identifier>oai:recercat.cat:2117/114073</identifier><datestamp>2025-07-22T19:07:30Z</datestamp><setSpec>com_2072_1033</setSpec><setSpec>col_2072_452951</setSpec></header><metadata><record xmlns="http://www.loc.gov/MARC21/slim" xmlns:dcterms="http://purl.org/dc/terms/" xmlns:xsi="http://www.w3.org/2001/XMLSchema-instance" xmlns:doc="http://www.lyncode.com/xoai" xsi:schemaLocation="http://www.loc.gov/MARC21/slim http://www.loc.gov/standards/marcxml/schema/MARC21slim.xsd">
   <leader>00925njm 22002777a 4500</leader>
   <datafield ind2=" " ind1=" " tag="042">
      <subfield code="a">dc</subfield>
   </datafield>
   <datafield ind2=" " ind1=" " tag="720">
      <subfield code="a">López Romeu, Jordi</subfield>
      <subfield code="e">author</subfield>
   </datafield>
   <datafield ind2=" " ind1=" " tag="260">
      <subfield code="c">2017-07</subfield>
   </datafield>
   <datafield ind2=" " ind1=" " tag="520">
      <subfield code="a">La finalitat del projecte recau en la recol·lecció de grans quantitats d’informació (que son generades setmanalment en Excels) per tal d’analitzar-la i avaluar extreure conclusions del passat present i futur dels Projectes de l’empresa.&#xd;
El Projecte es centra el tractament de una sèrie de dades que son generades setmanalment en una fulla d’Excel, aquestes dades contenen el “timing” amb la duració de les fases i el recursos assignats a aquestes, aquests excels abracen un històric que arriba fins al 2011.&#xd;
Mitjançant el desenvolupament de un codi amb VBA , podrem agafar les dades de cada Excel amb el màxim d’informació possible per projecte, ordenar-la, referenciar-la i envia-la a una base de dades SQL&#xd;
Aquesta informació bolcada a SQL es tractada amb PHP per tal de ordenar i filtrar tota la informació per al de reconstruir la informació i envia-la de nou a SQL&#xd;
Mitjançant una consulta al servidor aquest es comunica amb la BD i aquesta genera un CSV amb la informació que li hem demanat.&#xd;
L’últim Pas es la generació de gràfics amb Minitab per tal de poder visualitzar les dades, com que tenim un volum de projectes molt gran hi haurà una gran quantitat de gràfiques per projecte, hem automatitzat la generació d’aquestes amb la implementació de macros que generessin automàticament les gràfiques desitjades.&#xd;
Aquestes dades son útils per veure com va avançant un projecte i com s’han modificat els temps&#xd;
Aquest Projecte nomes es la primera fase d’un projecte molt mes gran on l’objectiu final es adquirir dades de mes fonts d’informació com ara SAP i poder correlar totes aquestes dades i tenir una visió i un control molt mes acurat del temps i els recursos que es gestionen per cada projecte.</subfield>
   </datafield>
   <datafield tag="653" ind2=" " ind1=" ">
      <subfield code="a">Àrees temàtiques de la UPC::Enginyeria mecànica</subfield>
   </datafield>
   <datafield tag="653" ind2=" " ind1=" ">
      <subfield code="a">Project management</subfield>
   </datafield>
   <datafield tag="653" ind2=" " ind1=" ">
      <subfield code="a">Minitab</subfield>
   </datafield>
   <datafield tag="653" ind2=" " ind1=" ">
      <subfield code="a">Gestió de projectes -- Avaluació</subfield>
   </datafield>
   <datafield tag="653" ind2=" " ind1=" ">
      <subfield code="a">MINITAB (Sistema informàtic)</subfield>
   </datafield>
   <datafield ind2="0" ind1="0" tag="245">
      <subfield code="a">Anàlisis de les fases de projectes d'enginyeria i validació de les dades en Minitab</subfield>
   </datafield>
</record></metadata></record></GetRecord></OAI-PMH>